Statistiques concernant La lettre décisive : Capitales

Cliquez ici pour prendre le quiz!

Statistiques générales

  • Ce quiz a été pris 6 595 fois
  • Le résultat moyen est 5 sur 20

Statistiques - réponses

MotLettreCapitale% Correct
KépiNPékin
93%
QuoiTQuito
57%
MardiDMadrid
43%
AmmanAManama
35%
NuitSTunis
33%
LundiBDublin
30%
BosnienLLisbonne
30%
LibreNBerlin
28%
CrâneraBCanberra
25%
HantéeRTéhéran
25%
PitiéATaipei
15%
HantéeSAthènes
14%
NoyadeUYaoundé
13%
MajeuresLJérusalem
12%
AtomesOSao Tomé
12%
CrayonKConakry
9%
UrbaniséesOBuenos Aires
6%
AcouphèneGCopenhague
6%
CéleriALe Caire
6%
RacisteSCastries
3%

Distribution des résultats

Percentile par nombre de réponses

% des personnes avec chaque résultat

Votre développement - résultats

Vous n’avez pas pris ce quiz